|
|
|
|
| LEADER |
01160nam a2200253 a 4500 |
| 001 |
11445006 |
| 008 |
091231s1995 bg ar 0 0eng d |
| 010 |
|
|
|a 94906735
|
| 040 |
|
|
|a DLC
|c DLC
|d MH
|d DLC
|d MiU
|d MH-L
|d BD-DhAAL
|
| 082 |
0 |
0 |
|a 323.4/9/09549205
|2 20
|
| 245 |
0 |
0 |
|a State of human rights,1994,Bangladesh.
|
| 246 |
1 |
7 |
|a Bangladesh state of human rights
|f 1993-
|
| 260 |
|
|
|a Dhaka :
|b Bangladesh Manobadhikar Samonnoy Parishad,
|c 1995
|
| 300 |
|
|
|a v. ;
|c 22 cm.
|
| 310 |
|
|
|a Annual
|
| 541 |
1 |
|
|e 00005702
|
| 590 |
|
|
|a SERBIB/SERLOC merged record
|
| 650 |
|
0 |
|a Civil rights
|z Bangladesh
|v Periodicals.
|
| 650 |
|
0 |
|a Human rights
|z Bangladesh
|v Periodicals.
|
| 710 |
2 |
|
|a Bāṃlādeśa Mānabādhikāra Samanvaẏa Parishada.
|
| 852 |
4 |
|
|a Ayesha Abed Library
|j General shelf
|
| 999 |
|
|
|c 6658
|d 6658
|
| 952 |
|
|
|0 0
|1 0
|2 ddc
|4 0
|6 323_490954920500000_STA_1999
|7 0
|9 6820
|a BRACUL
|b BRACUL
|c GEN
|d 2010-01-03
|g 150.00
|l 1
|m 29
|o 323.4909549205 STA
|p 3010005702
|r 2018-09-26
|s 2018-02-07
|t 1
|w 2010-01-03
|y BK
|
| 952 |
|
|
|0 0
|1 0
|2 ddc
|4 0
|6 323_400000000000000_9_09549205_STA
|7 0
|9 55780
|a SCL
|b SCL
|c GEN
|d 2015-09-08
|g 200.00
|l 0
|o 323.4909549205 STA
|p 3020000511
|r 2015-09-08
|t 2
|w 2015-09-08
|y BK
|